Longest Books of the Bible - Statistics

General Stats
  • This quiz has been taken 17 times
  • The average score is 9 of 13
Answer Stats
Place Hint Answer % Correct
4 50 Genesis
93%
7 40 Exodus
87%
6 42 Job
87%
8 36 Numbers
87%
10 34 Deuteronomy
80%
1 150 Psalms
80%
5 48 Ezekiel
60%
8 1151 Luke
60%
9 1071 Matthew
60%
10 20,839 1 Samuel
53%
2 66 Isaiah
53%
8 36 2 Chronicles
47%
3 52 Jeremiah
47%
No matching quizzes found
Score Distribution
Percent of People with Each Score
Percentile by Number Answered
Your Score History
You have not taken this quiz